|
|
|
|
| LEADER |
00764nam a2200253 4500 |
| 001 |
DLU090080564 |
| 005 |
##20090619 |
| 040 |
# |
# |
|a DLU
|b vie
|
| 041 |
# |
# |
|a vie
|
| 044 |
# |
# |
|a vn
|
| 100 |
# |
# |
|a Phạm Mai Hùng,
|c PGS.TS.
|
| 245 |
# |
# |
|a Lưu giữ, bảo quản và giới thiệu di sản của Chủ tịch Hồ Chí Minh /
|c Phạm Mai Hùng.
|
| 653 |
# |
# |
|a Di sản
|
| 653 |
# |
# |
|a Hồ Chí Minh, 1890-1969
|
| 773 |
# |
# |
|t Văn hoá Nghệ thuật
|g Số 5(191s), 2000, tr. 88-89
|
| 920 |
# |
# |
|a Phòng Tạp chí -- Trung tâm Thông tin - Thư viện Trường Đại học Đà Lạt
|
| 994 |
# |
# |
|a DLU
|
| 900 |
# |
# |
|a True
|
| 911 |
# |
# |
|a Đào Thị Thu Huyền
|
| 925 |
# |
# |
|a G
|
| 926 |
# |
# |
|a A
|
| 927 |
# |
# |
|a BB
|
| 980 |
# |
# |
|a Thư viện Trường Đại học Đà Lạt
|